|
|
|
|
| LEADER |
00000nam0a2200000 4500 |
| 001 |
84268 |
| 005 |
20231031100525.0 |
| 010 |
|
|
|a 5829104679
|
| 010 |
|
|
|a 5-902358-34-5
|
| 035 |
|
|
|a (RuTPU)RU\TPU\book\90589
|
| 090 |
|
|
|a 84268
|
| 100 |
|
|
|a 20051027d2005 m y0rusy50 ca
|
| 101 |
0 |
|
|a rus
|
| 102 |
|
|
|a RU
|
| 105 |
|
|
|a a j 001zy
|
| 200 |
1 |
|
|a Практическая психология
|e учебник
|f Г. С. Абрамова
|
| 210 |
|
|
|a Москва
|c Академический проект
|d 2005
|
| 215 |
|
|
|a 492 с.
|c ил.
|
| 225 |
1 |
|
|a Gaudeamus
|
| 320 |
|
|
|a Библиогр.: с. 486-487
|
| 451 |
|
1 |
|0 (RuTPU)RU\TPU\book\106813
|y 5-8291-0348-6
|t Практическая психология
|o учебник
|f Г. С. Абрамова
|c М.
|n Академический проект
|d 2003
|p 492 с.
|s Gaudeamus
|a Абрамова, Галина Сергеевна
|
| 610 |
1 |
|
|a практическая психология
|
| 610 |
1 |
|
|a психологические проблемы
|
| 610 |
1 |
|
|a психологическая информация
|
| 610 |
1 |
|
|a психологическая помощь
|
| 610 |
1 |
|
|a психодиагностика
|
| 610 |
1 |
|
|a педагогическая практика
|
| 610 |
1 |
|
|a социальная практика
|
| 610 |
1 |
|
|a психологическая коррекция
|
| 610 |
1 |
|
|a психологическое консультирование
|
| 610 |
1 |
|
|a психотерапия
|
| 610 |
1 |
|
|a психологи
|
| 610 |
1 |
|
|a педагоги
|
| 610 |
1 |
|
|a юристы
|
| 610 |
1 |
|
|a врачи
|
| 610 |
1 |
|
|a социальные работники
|
| 610 |
1 |
|
|a взаимодействие
|
| 610 |
1 |
|
|a подростки
|
| 610 |
1 |
|
|a взрослые
|
| 610 |
1 |
|
|a учебники
|
| 686 |
|
|
|a Ю949.2я73
|v LBC/SL-A
|2 rubbk
|
| 700 |
|
1 |
|a Абрамова
|b Г. С.
|g Галина Сергеевна
|
| 801 |
|
1 |
|a RU
|b 63413507
|c 20051027
|g PSBO
|
| 801 |
|
2 |
|a RU
|b 63413507
|c 20150618
|g PSBO
|
| 900 |
|
|
|a Практическая психология
|
| 900 |
|
|
|a Психодиагностика
|
| 942 |
|
|
|c BK
|
| 951 |
|
|
|b 030300
|
| 959 |
|
|
|a 84/20051019
|d 2
|e 160,82
|f АНЛ:1
|f НФ:1
|